Missing Word: Heartbreak Songs II Quiz Stats

 Plays Quiz Updated Oct 30, 2014

Challenge
Share
Tweet
Embed
Score 0/20 Timer 03:00
4 Plays Today
Song Missing Word % Correct
I Can't Make You _____ MeLove
96.7%
How Can You _____ a Broken Heart?Mend
85.9%
You've Lost That Lovin' _____Feelin'
83.2%
When I Was Your _____Man
80.8%
_____ Songs (Say So Much)Sad
79.9%
_____ Like YouSomeone
78.3%
What _____ the MostHurts
74.1%
Pictures of _____You
71.3%
You Oughta _____Know
68.1%
Don't _____ Me This WayLeave
65.6%
Song Missing Word % Correct
Let _____ GoHer
61.6%
She's Out of My _____Life
60.3%
Ain't No _____Sunshine
56.2%
The _____ of My TearsTracks
48.5%
I'm So _____ I Could CryLonesome
44.7%
Swing, _____Swing
44%
I _____ YouMiss
43.6%
_____ CryDon't
35.9%
Foolish _____Games
31.8%
Say _____Something
31.3%

Today's Daily Dose

You're not logged in!

Compare scores with friends on all Sporcle quizzes.
OR
Log In

You Might Also Like...

Show Comments

Extras

Top Quizzes Today


Score Distribution

Your Account Isn't Verified!

In order to create a playlist on Sporcle, you need to verify the email address you used during registration. Go to your Sporcle Settings to finish the process.

Report this User

Report this user for behavior that violates our Community Guidelines.

Details: